000
00306nam a2200133Ia 4500
008
221030s9999 xx 000 0 und d
041
_a
English
100
_a
Monika Mitter/398
245
0
_a
Multipurpose Energy Meters
_c
Handeep/415
250
_a
2010
260
_c
2014
650
_a
EE
942
_c
TH
999
_c
15479
_d
15479